Земельный кодекс Российской Федерации

Xehetasun bibliografikoak
Gaia:Принят Федеральным законом от 25 октября 2001 г. № 136-ФЗ
Hizkuntza:errusiera
Argitaratua: Москва, Юрайт, 2002
Saila:Российское федеральное законодательство
Gaiak:
Formatua: MixedMaterials Liburua
KOHA link:https://koha.lib.tpu.ru/cgi-bin/koha/opac-detail.pl?biblionumber=54216

MARC

LEADER 00000nam0a2200000 4500
001 54216
005 20231031050343.0
010 |a 5942271135 
035 |a (RuTPU)RU\TPU\book\56831 
090 |a 54216 
100 |a 20030702d2002 m a0rusy50 ca 
101 0 |a rus 
102 |a RU 
105 |a y n 000zy 
200 1 |a Земельный кодекс Российской Федерации 
210 |a Москва  |c Юрайт  |d 2002 
215 |a 84 с. 
225 1 |a Российское федеральное законодательство 
300 |a Принят Федеральным законом от 25 октября 2001 г. № 136-ФЗ 
610 1 |a право 
610 1 |a земельное право 
610 1 |a Земельный кодекс 
610 1 |a Российская Федерация 
686 |a Х625  |v LBC/SL-A  |2 rubbk 
801 1 |a RU  |b 63413507  |c 20030702  |g PSBO 
801 2 |a RU  |b 63413507  |c 20031003  |g PSBO 
801 2 |a RU  |b 63413507  |c 20120521  |g PSBO 
942 |c BK